Firemné plánovanie
Guardado en:
| Autor principal: | |
|---|---|
| Autor Corporativo: | |
| Formato: | Libro |
| Lenguaje: | eslovaco |
| Publicado: |
Bratislava
Vydavateľstvo Ekonóm
1998
|
| Materias: | |
| Etiquetas: |
Sin Etiquetas, Sea el primero en etiquetar este registro!
|
MARC
| LEADER | 00000nam a2200000 4500 | ||
|---|---|---|---|
| 001 | c102582 | ||
| 005 | 20221123132823.6 | ||
| 020 | |a 80-225-0976-0 | ||
| 041 | 0 | |a slo | |
| 044 | |a SK | ||
| 245 | 1 | 0 | |a Firemné plánovanie |c Miroslav Grznár |
| 264 | 1 | |a Bratislava |b Vydavateľstvo Ekonóm |c 1998 | |
| 300 | |a 170 s. | ||
| 610 | 2 | 0 | |a plánovanie podnikové |
| 610 | 2 | 0 | |a firmy |
| 610 | 2 | 0 | |a plánovanie strategické |
| 610 | 2 | 0 | |a marketing |
| 610 | 2 | 0 | |a zásoby |
| 610 | 2 | 0 | |a plánovanie výroby |
| 610 | 2 | 0 | |a plánovanie zásob |
| 610 | 2 | 0 | |a plánovanie personálne |
| 610 | 2 | 0 | |a plánovanie finančné |
| 610 | 2 | 0 | |a kontrola podniková |
| 100 | 1 | |a Grznár, Miroslav | |
| 710 | 2 | |a Ekonomická univerzita v Bratislave. Fakulta podnikového manažmentu | |